000 00230nam a22000857a 4500
008 160928b xxu||||| |||| 00| 0 eng d
100 _9816
_aWilson.R.etal.
245 _aEnglish Course-1
260 _aNew Delhi
_bS. Chand Publications
_c2012
999 _c3470
_d3470